|
|
|
|
| LEADER |
00919nab#a2200361#ar4500 |
| 001 |
000108033 |
| 003 |
SVKKK |
| 005 |
20120427122048.0 |
| 008 |
120427c2012 xo |||||||||||||||b|cze |
| FMT |
|
|
|
| 038 |
|
|
|a SVKKK
|
| 040 |
|
|
|a SVKKK
|b slo
|e AACR2
|
| 041 |
0 |
|
|a cze
|b cze
|
| 044 |
|
|
|a xr
|c CZ
|
| 080 |
|
|
|a 669.715
|2 1997
|
| 080 |
|
|
|a 620.193
|2 1997
|
| 100 |
1 |
|
|a Stoulil, J.
|4 aut
|
| 245 |
1 |
0 |
|a Exfoliace karabiny v prostředí krasové jeskyně
|c J. Stoulil
|
| 300 |
|
|
|b Obr., tab.
|
| 504 |
|
|
|a Bibliogr. odkazy
|
| 504 |
|
|
|a Res. čes.
|
| 650 |
0 |
4 |
|a hliníkové zliatiny
|
| 650 |
0 |
4 |
|a exfoliácia
|
| 650 |
0 |
4 |
|a korózia po vrstvách
|
| 650 |
0 |
4 |
|a karabíny
|
| 773 |
0 |
|
|t Koroze a ochrana materiálu
|g Roč. 55, č. 1 (2012), s. 25-30
|x 1804-1213
|
| 958 |
|
|
|a NB
|
| 974 |
|
|
|a Ma
|
| 992 |
|
|
|a RBX
|
| BAS |
|
|
|
| 852 |
|
|
|a SVKKK
|b BIB
|
| 856 |
4 |
1 |
|u http://www.casopis-koroze.cz/index.php
|
| 998 |
|
|
|a HUT
|